| 000 | 00991nam a2200277Ia 4500 | ||
|---|---|---|---|
| 003 | OSt | ||
| 005 | 20221005103643.0 | ||
| 006 | a|||||r|||| 00| 0 | ||
| 007 | ta | ||
| 008 | 221004b |||||||| |||| 00| 0 hin d | ||
| 020 |
_a9789385450808 (hbk) _cINR 400.00 |
||
| 024 | _a37516 | ||
| 037 |
_b66, 13/03/2018, P. K. Books _cTextual |
||
| 040 |
_aCRL _cCRL _bhin |
||
| 041 |
_2hin _ahin |
||
| 082 | _a4:(D65,8(B)).2, 152Q7 | ||
| 100 | _aगुप्ता, विराग, ले. | ||
| 245 | 0 | _aडिजिटल इंडिया और भारत | |
| 246 | _aḌijiṭal ianḍiyā aur bhārata | ||
| 260 |
_aदिल्ली _bअनन्य प्रकाशन भारत _c2017 |
||
| 300 |
_a200पृ0 _ccm. |
||
| 650 | _a संचार | ||
| 650 | _aडिजिटल भारत | ||
| 942 |
_h4:(D65,8(B)).2, 152Q7 _cTEXL _2cc |
||
| 999 |
_c1010515 _d1010515 |
||